| 000 | 01235cam a2200133 4500500 | ||
|---|---|---|---|
| 005 | 20251214002643.0 | ||
| 041 | _afre | ||
| 042 | _adc | ||
| 100 | 1 | 0 |
_aPavis, Patrice _eauthor |
| 245 | 0 | 0 | _aDictionnaire du théâtre |
| 260 |
_bArmand Colin,
_c2019. |
||
| 520 | _aCe dictionnaire déjà traduit dans une dizaine de langues présente les grandes questions de dramaturgie, d'esthétique, de sémiologie et d'anthropologie théâtrale. Il constitue une somme sur l'histoire, la théorie et la pratique des arts de la scène et un outil particulièrement précieux pour l'étudiant tout au long de son parcours en études théâtrales ou au conservatoire. Les notions clés de l'analyse textuelle et scénique y sont définies et explicitées à travers des exemples pris à la fois dans la dramaturgie classique et dans les mises en scène contemporaines. En traitant également des expériences interculturelles et interartistiques, ce dictionnaire encyclopédique permet une approche actuelle et plurielle des textes dramatiques et des représentations. 4e édition entièrement revue et fortement augmentée. | ||
| 856 | 4 | 1 | _uhttps://shs.cairn.info/dictionnaire-du-theatre--9782200623340?lang=fr&redirect-ssocas=7080 |
| 999 |
_c1567295 _d1567295 |
||